[Event "Titled Tuesday intern op 13th Feb Early"]
[Site "Chess.com INT"]
[Date "2024.02.13"]
[Round "6"]
[White "Putri, Regita Desyari"]
[Black "Aaron, Deepak"]
[Result "0-1"]
[WhiteElo "1863"]
[BlackElo "2278"]
[PlyCount "76"]
[EventDate "2024.02.13"]
[EventType "swiss (blitz)"]
[EventRounds "11"]
[EventCountry "USA"]
[SourceTitle "CB08_2024"]
[SourceDate "2024.02.21"]
[SourceVersion "1"]
[SourceVersionDate "2024.02.21"]
[SourceQuality "1"]

1. e4 g6 2. d4 Bg7 3. Nf3 d6 4. Be2 Nf6 5. Nc3 0-0 6. Bg5 h6 7. Bxf6 Bxf6 8. 0-0 Nd7 9. Qd2 Bg7 10. Rfe1 c5 11. Bf1 cxd4 12. Nxd4 a6 13. a4 Qb6 14. Nb3 Nc5 15. Bc4 Qb4 16. Nxc5 Qxc4 17. Nb3 Be6 18. Rad1 Rfc8 19. Re3 b5 20. Nd5 Bxd5 21. exd5 Qxc2 22. Qxc2 Rxc2 23. Rxe7 bxa4 24. Na5 Bxb2 25. h4 a3 26. Nb3 Rb8 27. Na1 Bxa1 28. Rxa1 a2 29. Ree1 Rbb2 30. Rf1 Kg7 31. g3 Kf6 32. Kg2 Ke5 33. Rae1+ Kxd5 34. Rd1+ Kc5 35. Ra1 d5 36. Kf3 a5 37. Ke3 a4 38. f4 Rb3# 0-1

[Event "Titled Tuesday intern op 12th Sep Early"]
[Site "Chess.com INT"]
[Date "2023.09.12"]
[Round "11"]
[White "Ismayil, Malak"]
[Black "Putri, Regita Desyari"]
[Result "1-0"]
[WhiteElo "2148"]
[BlackElo "1863"]
[PlyCount "75"]
[EventDate "2023.09.12"]
[EventType "swiss (blitz)"]
[EventRounds "11"]
[EventCountry "USA"]
[SourceTitle "EXT 2024"]
[Source "ChessBase"]
[SourceDate "2023.10.10"]
[SourceVersion "1"]
[SourceVersionDate "2023.10.10"]
[SourceQuality "1"]

1. e4 e5 2. Nf3 Nc6 3. Bc4 Bc5 4. 0-0 Nf6 5. Nc3 d6 6. d3 0-0 7. h3 h6 8. Be3 Re8 9. Qd2 Bxe3 10. fxe3 Be6 11. Bb3 Bxb3 12. axb3 d5 13. exd5 Nxd5 14. e4 Nf4 15. Kh2 Ng6 16. Nd5 Nce7 17. Ne3 c6 18. Qf2 Qd6 19. Qg3 Qe6 20. Rf2 a6 21. Raf1 Rf8 22. Nh4 Nxh4 23. Qxh4 a5 24. Qg3 a4 25. bxa4 Kh8 26. b3 f6 27. Ng4 Kh7 28. h4 Ng6 29. Ne3 Nf4 30. Qf3 g6 31. g3 Nh5 32. Ng2 Rf7 33. g4 Ng7 34. Ne3 Raf8 35. Qg3 Ne8 36. Rg1 Nd6 37. Rfg2 Ne8 38. Nf5 1-0

[Event "Titled Tuesday intern op 12th Sep Early"]
[Site "Chess.com INT"]
[Date "2023.09.12"]
[Round "7"]
[White "Putri, Regita Desyari"]
[Black "Hrebenshchykova, Yelyzaveta"]
[Result "1-0"]
[WhiteElo "1863"]
[BlackElo "2324"]
[PlyCount "83"]
[EventDate "2023.09.12"]
[EventType "swiss (blitz)"]
[EventRounds "11"]
[EventCountry "USA"]
[SourceTitle "EXT 2024"]
[Source "ChessBase"]
[SourceDate "2023.10.10"]
[SourceVersion "1"]
[SourceVersionDate "2023.10.10"]
[SourceQuality "1"]

1. d4 Nf6 2. c4 g6 3. Nf3 Bg7 4. g3 0-0 5. Bg2 d5 6. 0-0 dxc4 7. Qc2 Bf5 8. Qxc4 c6 9. Rd1 Na6 10. Nc3 Ne4 11. a3 Nxc3 12. bxc3 Be4 13. Bf4 Nc7 14. Ng5 Bxg2 15. Kxg2 Qd5+ 16. Qxd5 Nxd5 17. Bd2 e5 18. e3 h6 19. Ne4 Rad8 20. Rab1 b6 21. c4 Nc7 22. Bb4 Rfe8 23. dxe5 Bxe5 24. Kf3 c5 25. Bc3 Bxc3 26. Nxc3 Kg7 27. Nd5 Nxd5 28. cxd5 Rd6 29. g4 f6 30. e4 Kf7 31. h4 Ke7 32. h5 Kf7 33. hxg6+ Kxg6 34. Rh1 Rd7 35. Rh5 Rde7 36. Re1 Re5 37. Rxe5 fxe5 38. Ke3 Rf8 39. Rd1 Kf6 40. Rh1 Kg5 41. f3 Kg6 42. a4 1-0

[Event "Titled Tuesday intern op 15th Aug Early"]
[Site "Chess.com INT"]
[Date "2023.08.15"]
[Round "3"]
[White "Lacasa Diaz, Jose Antonio"]
[Black "Putri, Regita Desyari"]
[Result "1-0"]
[WhiteElo "2367"]
[BlackElo "1863"]
[PlyCount "145"]
[EventDate "2023.08.15"]
[EventType "swiss (blitz)"]
[EventRounds "11"]
[EventCountry "USA"]
[SourceTitle "EXT 2024"]
[Source "ChessBase"]
[SourceDate "2023.10.10"]
[SourceVersion "1"]
[SourceVersionDate "2023.10.10"]
[SourceQuality "1"]

1. e4 e5 2. Nf3 Nc6 3. Bb5 a6 4. Bxc6 dxc6 5. 0-0 Bg4 6. h3 h5 7. d3 Bxf3 8. Qxf3 Qd7 9. Be3 0-0-0 10. Nd2 f6 11. Nc4 Kb8 12. a3 g5 13. Qe2 g4 14. h4 Nh6 15. g3 Bg7 16. b4 f5 17. Bg5 Rde8 18. Bxh6 Rxh6 19. exf5 Qxf5 20. Qe4 Qd7 21. Rfe1 Qd5 22. Rad1 Rhe6 23. Ne3 Qd7 24. Nf5 Bf8 25. Re2 Rf6 26. Ne3 Rf3 27. Nc4 Bd6 28. Re3 Ref8 29. Rxf3 gxf3 30. Kh2 Qe6 31. Nxd6 cxd6 32. d4 Qc4 33. Qd3 Qxd3 34. Rxd3 e4 35. Re3 d5 36. Kh3 Rg8 37. Re1 Kc7 38. Rg1 Rg4 39. Re1 Kd6 40. c3 b6 41. Re3 Rg6 42. Re1 Rg4 43. Re3 c5 44. Re1 c4 45. Re3 Kc6 46. Re1 Kb5 47. a4+ Kxa4 48. Ra1+ Kb5 49. Ra2 a5 50. bxa5 bxa5 51. Rb2+ Ka4 52. Rb6 Rg7 53. Rd6 Kb3 54. Rxd5 Kxc3 55. Rxh5 Kxd4 56. Rxa5 Kd3 57. Ra3+ c3 58. h5 Kd2 59. g4 c2 60. Ra2 Kd1 61. Rxc2 Kxc2 62. h6 Rh7 63. g5 Kd2 64. Kg4 Ke2 65. Kh5 Kxf2 66. g6 Rh8 67. g7 Rb8 68. h7 Ke2 69. g8Q f2 70. Qxb8 f1Q 71. Qb5+ Ke1 72. Qxf1+ Kxf1 73. h8Q 1-0

[Event "Titled Tuesday intern op 08th Aug Early"]
[Site "Chess.com INT"]
[Date "2023.08.08"]
[Round "1"]
[White "Al Tarbosh, Ward"]
[Black "Putri, Regita Desyari"]
[Result "1-0"]
[WhiteElo "2280"]
[BlackElo "1863"]
[PlyCount "89"]
[EventDate "2023.08.08"]
[EventType "swiss (blitz)"]
[EventRounds "11"]
[EventCountry "USA"]
[SourceTitle "EXT 2024"]
[Source "ChessBase"]
[SourceDate "2023.10.10"]
[SourceVersion "1"]
[SourceVersionDate "2023.10.10"]
[SourceQuality "1"]

1. e4 e5 2. Nf3 Nc6 3. Bb5 a6 4. Ba4 Nf6 5. 0-0 Be7 6. d3 b5 7. Bb3 d6 8. a3 0-0 9. Nc3 Bg4 10. Be3 h6 11. h3 Be6 12. Nd5 Na5 13. Nxf6+ Bxf6 14. Bxe6 fxe6 15. b4 Nc6 16. c3 d5 17. Qb3 Kh8 18. Rad1 Qd7 19. Rfe1 Rad8 20. Bc5 Rfe8 21. a4 Rb8 22. axb5 Rxb5 23. c4 Rb7 24. exd5 exd5 25. cxd5 Nxb4 26. Bxb4 a5 27. d4 e4 28. Ne5 Bxe5 29. dxe5 Rxb4 30. Qg3 a4 31. e6 Qd6 32. Qg6 Re7 33. Rxe4 Rb5 34. Rf4 Rb8 35. Rxa4 c6 36. Rad4 cxd5 37. Rxd5 Qxe6 38. Rd8+ Re8 39. Qxe6 Rbxd8 40. Rxd8 Rxd8 41. g4 Rf8 42. Kg2 Rf6 43. Qe8+ Kh7 44. Kg3 Rd6 45. Qe4+ 1-0

[Event "Titled Tuesday intern op 08th Aug Early"]
[Site "Chess.com INT"]
[Date "2023.08.08"]
[Round "2"]
[White "Karas, Marek"]
[Black "Putri, Regita Desyari"]
[Result "1-0"]
[WhiteElo "2208"]
[BlackElo "1863"]
[PlyCount "85"]
[EventDate "2023.08.08"]
[EventType "swiss (blitz)"]
[EventRounds "11"]
[EventCountry "USA"]
[SourceTitle "EXT 2024"]
[Source "ChessBase"]
[SourceDate "2023.10.10"]
[SourceVersion "1"]
[SourceVersionDate "2023.10.10"]
[SourceQuality "1"]

1. e4 e5 2. Nf3 Nc6 3. Nc3 Nf6 4. d4 exd4 5. Nxd4 Bb4 6. Nxc6 bxc6 7. Bd3 d5 8. exd5 cxd5 9. 0-0 c6 10. Bg5 0-0 11. h3 Bd6 12. Qf3 Be5 13. Rfe1 Qd6 14. Rad1 h6 15. Bc1 Bd7 16. Ne2 Qc7 17. Bf4 Bxf4 18. Nxf4 Rfe8 19. c3 Qb7 20. b4 a5 21. a3 axb4 22. axb4 Qb6 23. Ne2 c5 24. bxc5 Qxc5 25. Nd4 Rxe1+ 26. Rxe1 Re8 27. Rd1 Ne4 28. Ne2 Bc6 29. Bxe4 dxe4 30. Qe3 Qxe3 31. fxe3 Bb5 32. Nd4 Bd3 33. Rc1 Rc8 34. Kf2 Kf8 35. Ke1 Ke7 36. Kd2 g6 37. Ra1 Kf6 38. Ra7 Kg7 39. Ne6+ Kf6 40. Nf4 Rd8 41. Ke1 Bc2 42. Ra2 Bb3 43. Rb2 1-0

[Event "Titled Tuesday intern op 08th Aug Early"]
[Site "Chess.com INT"]
[Date "2023.08.08"]
[Round "3"]
[White "Putri, Regita Desyari"]
[Black "Gatterer, Florian"]
[Result "1-0"]
[WhiteElo "1863"]
[BlackElo "2170"]
[PlyCount "101"]
[EventDate "2023.08.08"]
[EventType "swiss (blitz)"]
[EventRounds "11"]
[EventCountry "USA"]
[SourceTitle "EXT 2024"]
[Source "ChessBase"]
[SourceDate "2023.10.10"]
[SourceVersion "1"]
[SourceVersionDate "2023.10.10"]
[SourceQuality "1"]

1. d4 Nf6 2. c4 g6 3. Nf3 Bg7 4. g3 c6 5. Bg2 d5 6. cxd5 cxd5 7. 0-0 0-0 8. Nc3 Ne4 9. Qb3 Nxc3 10. bxc3 Nc6 11. Bf4 Na5 12. Qb4 Nc6 13. Qb2 b6 14. Rfd1 Ba6 15. Ne5 Nxe5 16. dxe5 e6 17. e4 g5 18. Be3 Bxe5 19. exd5 Qf6 20. Bd4 Bxd4 21. Rxd4 Bb7 22. Qd2 Rad8 23. c4 exd5 24. cxd5 Rd6 25. Rd1 Kh8 26. Rg4 h6 27. h4 Rg8 28. hxg5 hxg5 29. Rc4 Rc8 30. Rxc8+ Bxc8 31. Qc2 Bg4 32. Re1 Kg7 33. Qc7 Rd7 34. Qc4 Bf5 35. a4 Rd6 36. Qc7 Rd7 37. Qb8 Qd6 38. Qe8 Rd8 39. Qe3 Qf6 40. Rc1 Kg6 41. a5 bxa5 42. Qxa7 Qb2 43. Rc6+ Kg7 44. Qe3 f6 45. Qe7+ Kg6 46. Qxd8 Qb1+ 47. Kh2 Qb2 48. Qg8+ Kh5 49. Qh8+ Kg4 50. Rxf6 Qxf6 51. Qh3# 1-0

[Event "Titled Tuesday intern op 08th Aug Early"]
[Site "Chess.com INT"]
[Date "2023.08.08"]
[Round "4"]
[White "Putri, Regita Desyari"]
[Black "Gutierrez Olivares, Daniel"]
[Result "0-1"]
[WhiteElo "1863"]
[BlackElo "2354"]
[PlyCount "84"]
[EventDate "2023.08.08"]
[EventType "swiss (blitz)"]
[EventRounds "11"]
[EventCountry "USA"]
[SourceTitle "EXT 2024"]
[Source "ChessBase"]
[SourceDate "2023.10.10"]
[SourceVersion "1"]
[SourceVersionDate "2023.10.10"]
[SourceQuality "1"]

1. d4 Nf6 2. c4 e6 3. Nf3 c5 4. d5 exd5 5. cxd5 Bd6 6. Nc3 0-0 7. Bg5 Re8 8. e3 Bc7 9. d6 Ba5 10. Bc4 h6 11. Bh4 b6 12. 0-0 Bxc3 13. bxc3 Ba6 14. Bxa6 Nxa6 15. Qd3 Nb8 16. Rfe1 Nc6 17. e4 g5 18. Bg3 Nh5 19. e5 Re6 20. Qf5 Qf8 21. Re4 Rae8 22. Rae1 Qg7 23. h3 Nxg3 24. fxg3 b5 25. h4 Qg6 26. g4 gxh4 27. Nxh4 Qxf5 28. Nxf5 Kh7 29. g5 Rxe5 30. Rxe5 Rxe5 31. Rxe5 Nxe5 32. Nxh6 Kg6 33. Ng8 Kxg5 34. Ne7 Kf6 35. Nc8 a6 36. Kf2 Nd3+ 37. Ke3 Nc1 38. a3 Ke6 39. Kd2 Nb3+ 40. Kc2 Na5 41. Kd3 Nc4 42. a4 Nxd6 0-1

[Event "Titled Tuesday intern op 01st Aug Early"]
[Site "Chess.com INT"]
[Date "2023.08.01"]
[Round "3"]
[White "Putri, Regita Desyari"]
[Black "Ventura Bolet, Maxim"]
[Result "0-1"]
[WhiteElo "1863"]
[BlackElo "2203"]
[PlyCount "64"]
[EventDate "2023.08.01"]
[EventType "swiss (blitz)"]
[EventRounds "11"]
[EventCountry "USA"]
[SourceTitle "EXT 2024"]
[Source "ChessBase"]
[SourceDate "2023.10.10"]
[SourceVersion "1"]
[SourceVersionDate "2023.10.10"]
[SourceQuality "1"]

1. d4 d5 2. c4 dxc4 3. e3 Nf6 4. Bxc4 e6 5. Nf3 a6 6. a4 Nc6 7. 0-0 Bd6 8. Nc3 0-0 9. e4 e5 10. d5 Ne7 11. Bg5 Ng6 12. h3 h6 13. Be3 Nh7 14. Bd3 Bd7 15. a5 Qe7 16. Qc2 Ng5 17. Nxg5 hxg5 18. Rfd1 Nf4 19. Bf1 g6 20. Kh2 Kg7 21. Bxf4 gxf4 22. f3 Qh4 23. Ne2 Bb5 24. Qd2 Bc5 25. Rac1 Be3 26. Qe1 Bf2 27. Qc3 Rae8 28. Rc2 Rh8 29. Qxc7 Bxe2 30. Rxe2 Qg3+ 31. Kh1 Rxh3+ 32. gxh3 Qg1# 0-1

[Event "Titled Tuesday intern op 25th Jul Early"]
[Site "Chess.com INT"]
[Date "2023.07.25"]
[Round "4"]
[White "Mei, Austin"]
[Black "Putri, Regita Desyari"]
[Result "1-0"]
[WhiteElo "2274"]
[BlackElo "1863"]
[PlyCount "49"]
[EventDate "2023.07.25"]
[EventType "swiss (blitz)"]
[EventRounds "11"]
[EventCountry "USA"]
[SourceTitle "EXT 2024"]
[Source "ChessBase"]
[SourceDate "2023.10.10"]
[SourceVersion "1"]
[SourceVersionDate "2023.10.10"]
[SourceQuality "1"]

1. e4 e5 2. f4 exf4 3. Nf3 d6 4. Bc4 h6 5. b3 Nf6 6. Nc3 g5 7. Bb2 Bg7 8. d4 0-0 9. Qe2 c6 10. 0-0-0 d5 11. Bd3 Re8 12. Ne5 Nbd7 13. exd5 cxd5 14. h4 Nxe5 15. dxe5 Bg4 16. Qf2 Rxe5 17. hxg5 hxg5 18. Ne2 Re7 19. Nxf4 gxf4 20. Qh4 d4 21. Ba3 Re6 22. Bh7+ Kh8 23. Bf5+ Kg8 24. Bxg4 Nxg4 25. Qh7# 1-0

[Event "Titled Tuesday intern op 25th Jul Early"]
[Site "Chess.com INT"]
[Date "2023.07.25"]
[Round "9"]
[White "Putri, Regita Desyari"]
[Black "Feliz Dotel, Dewar Bienvenido"]
[Result "1-0"]
[WhiteElo "1863"]
[BlackElo "1984"]
[PlyCount "75"]
[EventDate "2023.07.25"]
[EventType "swiss (blitz)"]
[EventRounds "11"]
[EventCountry "USA"]
[SourceTitle "EXT 2024"]
[Source "ChessBase"]
[SourceDate "2023.10.10"]
[SourceVersion "1"]
[SourceVersionDate "2023.10.10"]
[SourceQuality "1"]

1. e4 e5 2. Nf3 Nc6 3. Bb5 Nf6 4. 0-0 Nxe4 5. Re1 Nd6 6. Nxe5 Be7 7. Bf1 Nxe5 8. Rxe5 0-0 9. d4 Ne8 10. Re1 d5 11. Bf4 Bd6 12. Be5 Bxe5 13. dxe5 Bf5 14. Nd2 c6 15. c4 Nc7 16. Qb3 Qc8 17. cxd5 Nxd5 18. Nc4 b6 19. Nd6 Qd7 20. Rac1 Be6 21. Qc2 c5 22. a3 Ne7 23. Bd3 Ng6 24. g3 c4 25. Nxc4 Rac8 26. Qe2 Bxc4 27. Bxc4 Rfe8 28. e6 fxe6 29. Bxe6+ Rxe6 30. Rxc8+ Qxc8 31. Qxe6+ Qxe6 32. Rxe6 Kf7 33. Rc6 Ne7 34. Rc7 a5 35. Rb7 a4 36. Rxb6 Nd5 37. Rb5 Ke6 38. Ra5 1-0

[Event "Titled Tuesday intern op 25th Jul Early"]
[Site "Chess.com INT"]
[Date "2023.07.25"]
[Round "6"]
[White "Putri, Regita Desyari"]
[Black "Gordon, Frederick"]
[Result "1-0"]
[WhiteElo "1863"]
[BlackElo "2325"]
[PlyCount "163"]
[EventDate "2023.07.25"]
[EventType "swiss (blitz)"]
[EventRounds "11"]
[EventCountry "USA"]
[SourceTitle "EXT 2024"]
[Source "ChessBase"]
[SourceDate "2023.10.10"]
[SourceVersion "1"]
[SourceVersionDate "2023.10.10"]
[SourceQuality "1"]

1. e4 c5 2. Nf3 g6 3. d4 cxd4 4. Nxd4 Nc6 5. c4 Nf6 6. Nc3 Nxd4 7. Qxd4 d6 8. Be2 Bg7 9. Be3 0-0 10. Qd2 Be6 11. 0-0 Qa5 12. Rac1 Rfc8 13. b3 a6 14. Rfd1 Nd7 15. f3 b5 16. Nd5 Qxd2 17. Bxd2 Bxd5 18. cxd5 Bb2 19. Rxc8+ Rxc8 20. Bd3 Ne5 21. Bb1 Bc3 22. Rc1 Bd4+ 23. Kf1 Rxc1+ 24. Bxc1 f6 25. Ke2 Kf7 26. h3 g5 27. g3 Ng6 28. f4 gxf4 29. gxf4 Bg1 30. Bd3 Ke8 31. Kf3 Bh2 32. a4 bxa4 33. bxa4 a5 34. Bd2 Kd7 35. Bb5+ Kc8 36. f5 Nf8 37. Bxa5 Bg1 38. Kg4 Be3 39. Kf3 Bg5 40. Kg4 Be3 41. h4 Nd7 42. Bxd7+ Kxd7 43. Kh5 Kc8 44. Kg4 Kd7 45. h5 Kc8 46. Kf3 Bd4 47. Ke2 Be5 48. Kd3 Kb7 49. Kc4 Ka6 50. Bd8 Bb2 51. Bxe7 Be5 52. Kb4 Kb6 53. a5+ Ka6 54. Ka4 h6 55. Bf8 Bf4 56. Bg7 Bg5 57. Bf8 Bf4 58. Be7 Be5 59. Kb4 Ka7 60. Kb5 Kb7 61. a6+ Ka7 62. Kc6 Kxa6 63. Bxd6 Bd4 64. Be7 Ka7 65. d6 Bb6 66. d7 Ba5 67. Bxf6 Kb8 68. Bg7 Bd8 69. Bxh6 Bf6 70. Bf4+ Ka7 71. e5 Bd8 72. e6 Bf6 73. h6 Be7 74. h7 Bf6 75. d8Q Bxd8 76. h8Q Bc7 77. Qa1+ Kb8 78. Qb2+ Kc8 79. Qb7+ Kd8 80. Qxc7+ Ke8 81. Qd7+ Kf8 82. Qf7# 1-0

[Event "Titled Tuesday intern op 13th Jun Early"]
[Site "Chess.com INT"]
[Date "2023.06.13"]
[Round "5"]
[White "Bruedigam, Martin"]
[Black "Putri, Regita Desyari"]
[Result "1-0"]
[WhiteElo "2379"]
[BlackElo "1863"]
[PlyCount "55"]
[EventDate "2023.06.13"]
[EventType "swiss (blitz)"]
[EventRounds "11"]
[EventCountry "USA"]
[SourceTitle "EXT 2024"]
[Source "ChessBase"]
[SourceDate "2023.10.10"]
[SourceVersion "1"]
[SourceVersionDate "2023.10.10"]
[SourceQuality "1"]

1. d4 Nf6 2. c4 e6 3. Nc3 Bb4 4. Bd2 0-0 5. Nf3 c5 6. dxc5 Bxc5 7. g3 b6 8. Bg2 Bb7 9. 0-0 h6 10. Qc2 Nc6 11. a3 a5 12. Rad1 Qe7 13. Na4 d6 14. e3 Rfd8 15. Bc3 Rac8 16. Rd2 d5 17. Nxc5 Qxc5 18. Bxf6 gxf6 19. cxd5 Qxc2 20. Rxc2 Rxd5 21. Rfc1 Rdd8 22. Ne1 Rd6 23. b4 axb4 24. axb4 b5 25. Rc5 Kg7 26. h4 Rc7 27. Rxb5 Rdd7 28. Rbc5 1-0

[Event "Titled Tuesday intern op 13th Jun Early"]
[Site "Chess.com INT"]
[Date "2023.06.13"]
[Round "10"]
[White "Goncalves, Davi Sulzbacher"]
[Black "Putri, Regita Desyari"]
[Result "0-1"]
[WhiteElo "2282"]
[BlackElo "1863"]
[PlyCount "64"]
[EventDate "2023.06.13"]
[EventType "swiss (blitz)"]
[EventRounds "11"]
[EventCountry "USA"]
[SourceTitle "EXT 2024"]
[Source "ChessBase"]
[SourceDate "2023.10.10"]
[SourceVersion "1"]
[SourceVersionDate "2023.10.10"]
[SourceQuality "1"]

1. Nf3 d5 2. b3 c5 3. Bb2 Nf6 4. h3 Nc6 5. g4 d4 6. Bg2 e5 7. e3 h6 8. Na3 Be6 9. Qe2 Be7 10. Nc4 e4 11. Nfe5 Nb4 12. d3 Bxc4 13. Nxc4 exd3 14. cxd3 dxe3 15. Rd1 exf2+ 16. Kxf2 0-0 17. Rhe1 Re8 18. Qf3 Nc6 19. Qf5 Nd4 20. Bxd4 Qxd4+ 21. Kf1 Rad8 22. Bxb7 Nd5 23. Re4 Qf6 24. Bxd5 Qxf5+ 25. gxf5 Rxd5 26. Rde1 Kf8 27. f6 gxf6 28. Kg2 Rg5+ 29. Kf3 Rd5 30. R1e3 Rdd8 31. Ke2 f5 32. Re5 Bg5 0-1

[Event "Titled Tuesday intern op 13th Jun Early"]
[Site "Chess.com INT"]
[Date "2023.06.13"]
[Round "7"]
[White "Mrudul, Dehankar"]
[Black "Putri, Regita Desyari"]
[Result "0-1"]
[WhiteElo "2030"]
[BlackElo "1863"]
[PlyCount "114"]
[EventDate "2023.06.13"]
[EventType "swiss (blitz)"]
[EventRounds "11"]
[EventCountry "USA"]
[SourceTitle "EXT 2024"]
[Source "ChessBase"]
[SourceDate "2023.10.10"]
[SourceVersion "1"]
[SourceVersionDate "2023.10.10"]
[SourceQuality "1"]

1. e4 e5 2. Nf3 Nc6 3. Bb5 a6 4. Ba4 Nf6 5. 0-0 Be7 6. Re1 b5 7. Bb3 d6 8. c3 0-0 9. h3 Bb7 10. d4 Re8 11. Nbd2 Bf8 12. Ng5 Re7 13. Ngf3 Re8 14. a4 h6 15. Bc2 exd4 16. cxd4 Nb4 17. Bb1 c5 18. d5 c4 19. Ra3 Nd7 20. Nd4 Qb6 21. N2f3 Nc5 22. Be3 bxa4 23. Nf5 Qc7 24. Nd2 Ncd3 25. Rf1 Nxb2 26. Qc1 g6 27. Nxh6+ Bxh6 28. Bxh6 Rab8 29. Qxb2 f5 30. Qf6 Qf7 31. Qg5 Nd3 32. Bxd3 cxd3 33. Rxd3 Re5 34. Rg3 Kh7 35. Qh4 Kg8 36. Bf4 Re7 37. Qg5 Rbe8 38. Bxd6 Rd7 39. e5 Bxd5 40. h4 Re6 41. h5 a3 42. hxg6 Qg7 43. Rxa3 Rxg6 44. f4 Rxg5 45. fxg5 Qxg5 46. Nf3 Bxf3 47. Raxf3 Kf7 48. Kf2 Ke6 49. Kg1 Rxd6 50. exd6 Kxd6 51. Rxf5 Qe3+ 52. Kh2 Qh6+ 53. Kg3 Qg6+ 54. Kf4 Ke6 55. Re5+ Kd6 56. Re2 Qf6+ 57. Ke3 Qxf1 0-1